[Event "FRA-ch U16 Girls"]
[Site "Montbeliard"]
[Date "2014.04.22"]
[Round "4"]
[White "Haussernot, Cecile"]
[Black "Banat, Rizlene"]
[Result "0-1"]
[WhiteElo "2003"]
[BlackElo "1813"]
[PlyCount "76"]
[EventDate "2014.04.20"]
[EventType "swiss"]
[EventRounds "9"]
[EventCountry "FRA"]
[SourceTitle "CBM 160 Extra"]
[Source "ChessBase"]
[SourceDate "2014.07.01"]
[SourceVersion "1"]
[SourceVersionDate "2014.07.01"]
[SourceQuality "1"]

1. c4 e5 2. d3 Nc6 3. Nc3 Nf6 4. g3 Bc5 5. Bg2 0-0 6. e3 d6 7. Nge2 Bf5 8. 0-0 Qd7 9. Nd5 Nxd5 10. Bxd5 Bh3 11. Re1 Nd8 12. d4 Bb4 13. Bd2 Bxd2 14. Qxd2 c6 15. Bf3 Qf5 16. Bh1 Ne6 17. e4 Qf6 18. d5 cxd5 19. exd5 Nc5 20. b4 Nd7 21. Nc3 Qg6 22. Ne4 h6 23. c5 dxc5 24. Nxc5 Nb6 25. Nxb7 Rac8 26. Nc5 Rfd8 27. Rac1 f5 28. Rxe5 Kh7 29. Bf3 Qf7 30. a4 Qc7 31. Ree1 Qf7 32. Red1 Nd7 33. Nxd7 Qxd7 34. Rxc8 Rxc8 35. b5 Qd6 36. Rc1 Qa3 37. Bd1 Rxc1 38. d6 Qf3 0-1

[Event "FRA-ch U16 Girls"]
[Site "Saint Paul Trois Chateaux"]
[Date "2013.04.28"]
[Round "1"]
[White "Banat, Rizlene"]
[Black "Wojnowska, Natalia"]
[Result "1-0"]
[WhiteElo "1759"]
[BlackElo "1468"]
[PlyCount "37"]
[EventDate "2013.04.28"]
[EventType "swiss"]
[EventRounds "9"]
[EventCountry "FRA"]
[SourceTitle "CBM 154 Extra"]
[Source "ChessBase"]
[SourceDate "2013.06.25"]
[SourceVersion "2"]
[SourceVersionDate "2013.06.25"]
[SourceQuality "1"]

1. e4 c5 2. Nf3 e6 3. d4 cxd4 4. Nxd4 Nf6 5. Nc3 Bb4 6. Qd3 Bxc3+ 7. bxc3 a6 8. g3 Nc6 9. Nxc6 bxc6 10. Ba3 d5 11. e5 Nd7 12. Bd6 Nb6 13. Qd4 a5 14. Rb1 Nd7 15. Qa4 c5 16. Qc6 Ra7 17. Rb8 Rb7 18. Rxc8 Rb1+ 19. Kd2 1-0

[Event "FRA-chT U20"]
[Site "France"]
[Date "2012.05.27"]
[Round "?"]
[White "Banat, Rizlene"]
[Black "Meunier, Clement"]
[Result "0-1"]
[WhiteElo "1737"]
[BlackElo "1965"]
[PlyCount "74"]
[EventDate "2012.05.26"]
[EventType "team-swiss"]
[EventRounds "9"]
[EventCountry "FRA"]
[SourceTitle "EXT 2014"]
[Source "ChessBase"]
[SourceDate "2013.11.20"]
[SourceVersion "1"]
[SourceVersionDate "2013.11.20"]
[SourceQuality "1"]

1. e4 e5 2. Bc4 Nc6 3. Nc3 Nf6 4. d3 Bc5 5. f4 d6 6. Na4 Bxg1 7. Rxg1 Ng4 8. g3 Qe7 9. f5 h5 10. h3 Nf6 11. Bg5 Na5 12. Bb3 Nxb3 13. axb3 d5 14. Nc3 c6 15. Rf1 d4 16. Ne2 Qd6 17. c3 c5 18. b4 b6 19. bxc5 bxc5 20. Qa4+ Bd7 21. Qa6 Qxa6 22. Rxa6 Bb5 23. Ra5 Bxd3 24. Bxf6 gxf6 25. Rxc5 dxc3 26. Rxc3 Bxe4 27. g4 hxg4 28. hxg4 Rb8 29. Ng3 Bd5 30. Rf2 Rh4 31. Nh5 Rb6 32. Rc5 Bb7 33. Rc4 Ba6 34. Re4 Rh1+ 35. Kd2 Rxb2+ 36. Ke3 Rh3+ 37. Rf3 Re2# 0-1

[Event "FRA-ch U14 Girls"]
[Site "Nimes"]
[Date "2012.04.18"]
[Round "6"]
[White "Chung, Mathilde"]
[Black "Banat, Rizlene"]
[Result "1-0"]
[WhiteElo "1678"]
[BlackElo "1731"]
[PlyCount "117"]
[EventDate "2012.04.14"]
[EventType "swiss"]
[EventRounds "9"]
[EventCountry "FRA"]
[SourceTitle "CBM 148 Extra"]
[Source "ChessBase"]
[SourceDate "2012.06.22"]
[SourceVersion "1"]
[SourceVersionDate "2012.06.22"]
[SourceQuality "1"]

1. d4 Nf6 2. c4 g6 3. Nc3 d5 4. cxd5 Nxd5 5. Bd2 Bg7 6. e4 Nxc3 7. Bxc3 0-0 8. Nf3 Bg4 9. Be2 Nd7 10. 0-0 Nb6 11. h3 Bxf3 12. Bxf3 e6 13. Rc1 Qd7 14. d5 Bxc3 15. bxc3 exd5 16. exd5 Qa4 17. Qxa4 Nxa4 18. d6 cxd6 19. Bxb7 Rab8 20. Bc6 Nc5 21. Rb1 Rfc8 22. Rxb8 Rxb8 23. Rd1 Rd8 24. Rd4 Kg7 25. g3 Kf6 26. Bd5 Ne6 27. Ra4 Rd7 28. Rb4 Rc7 29. c4 Nc5 30. Kg2 Nd3 31. Rb3 Ne5 32. Ra3 g5 33. Rb3 h6 34. a4 Nc6 35. Rb5 Nd4 36. Rb8 Nc6 37. Rh8 Kg7 38. Re8 Ne5 39. Ra8 Nd7 40. a5 Nc5 41. Kf3 Nb3 42. a6 Nc5 43. Bb7 Nxb7 44. Rxa7 Rxc4 45. Rxb7 Rc6 46. a7 Ra6 47. Ke4 Ra5 48. Rd7 Re5+ 49. Kd4 Ra5 50. Kc4 d5+ 51. Kb4 Ra1 52. Kb5 d4 53. Kb6 Rb1+ 54. Kc7 Ra1 55. Kb8 Rb1+ 56. Rb7 Rxb7+ 57. Kxb7 d3 58. a8Q d2 59. Qa1+ 1-0

[Event "FRA-ch U14 Girls"]
[Site "Nimes"]
[Date "2012.04.17"]
[Round "5"]
[White "Banat, Rizlene"]
[Black "Le Berre, Audrey"]
[Result "1-0"]
[WhiteElo "1731"]
[BlackElo "1582"]
[PlyCount "61"]
[EventDate "2012.04.14"]
[EventType "swiss"]
[EventRounds "9"]
[EventCountry "FRA"]
[SourceTitle "CBM 148 Extra"]
[Source "ChessBase"]
[SourceDate "2012.06.22"]
[SourceVersion "1"]
[SourceVersionDate "2012.06.22"]
[SourceQuality "1"]

1. e4 c5 2. Nf3 g6 3. Nc3 Bg7 4. d4 cxd4 5. Nxd4 Nc6 6. Be3 Nf6 7. Be2 d6 8. Nb3 Rb8 9. f4 Bd7 10. g4 Qc8 11. h3 h6 12. Qd2 Qc7 13. f5 e5 14. Nb5 Qd8 15. Nxd6+ Kf8 16. Bc5 Kg8 17. Bc4 Be8 18. fxg6 Bf8 19. gxf7+ Bxf7 20. Bxf7+ Kg7 21. g5 Bxd6 22. gxf6+ Kxf7 23. Qd5+ Kxf6 24. Rf1+ Kg5 25. Bxd6 Rc8 26. Qd2+ Kg6 27. Rg1+ Kh7 28. Qf2 Qd7 29. 0-0-0 Qe6 30. Nc5 Qxh3 31. Qf7# 1-0

[Event "ALG Control event (Women)"]
[Site "Tipaza"]
[Date "2010.11.28"]
[Round "7"]
[White "Banat, Rizlene"]
[Black "Mezioud, Amina"]
[Result "0-1"]
[WhiteElo "1658"]
[BlackElo "2029"]
[PlyCount "58"]
[EventDate "2010.11.25"]
[EventType "tourn"]
[EventRounds "7"]
[EventCountry "ALG"]
[SourceTitle "EXT 2012"]
[Source "ChessBase"]
[SourceDate "2011.11.24"]
[SourceVersion "1"]
[SourceVersionDate "2011.11.24"]
[SourceQuality "1"]

1. Nf3 f5 2. c4 Nf6 3. g3 e6 4. Bg2 Be7 5. 0-0 0-0 6. d4 d6 7. Nc3 Qe8 8. Re1 Qh5 9. e4 Bd8 10. exf5 exf5 11. Bf4 h6 12. Nd2 g5 13. Qxh5 Nxh5 14. Bxd6 cxd6 15. Nb5 Nc6 16. Bxc6 bxc6 17. Nxd6 Ba5 18. Nxc8 Rfxc8 19. Re2 Bxd2 20. Rxd2 Rd8 21. Rad1 Nf6 22. b3 Rd7 23. d5 cxd5 24. cxd5 Rad8 25. d6 Ne4 26. Rd3 Rxd6 27. Rxd6 Nxd6 28. Kf1 Kf7 29. f3 Ke6 0-1

[Event "FRA-chT Top 12 (Women)"]
[Site "Chalons en Champagne"]
[Date "2010.06.26"]
[Round "?"]
[White "Banat, Rizlene"]
[Black "Roumegous, Marina"]
[Result "0-1"]
[WhiteElo "2010"]
[BlackElo "2225"]
[PlyCount "64"]
[EventDate "2010.06.07"]
[EventType "team-match"]
[EventRounds "2"]
[EventCountry "FRA"]
[SourceTitle "EXT 2011"]
[Source "ChessBase"]
[SourceDate "2010.11.26"]
[SourceVersion "1"]
[SourceVersionDate "2010.11.26"]
[SourceQuality "1"]

1. Nf3 Nf6 2. g3 d5 3. c4 e6 4. Bg2 Be7 5. 0-0 0-0 6. Nc3 d4 7. Nb5 c5 8. d3 a6 9. Na3 Nc6 10. e3 e5 11. Re1 Qc7 12. exd4 cxd4 13. Nc2 Nd7 14. a3 a5 15. Nfxd4 exd4 16. Bxc6 bxc6 17. Rxe7 c5 18. Qf3 Bb7 19. Qg4 Qc6 20. Qe4 Qf6 21. Qe2 Bf3 22. Qe1 Qf5 23. Qf1 Rae8 24. Re1 Ne5 25. Bd2 Bc6 26. Rxe5 Qf3 27. Rd5 Bxd5 28. cxd5 Qxd5 29. Rb1 a4 30. Nb4 Qb7 31. Qd1 Re6 32. Na2 Qd5 0-1

[Event "FRA-ch U12 Girls"]
[Site "Troyes"]
[Date "2010.04.14"]
[Round "5"]
[White "Joudelat, Noemie"]
[Black "Banat, Rizlene"]
[Result "1-0"]
[WhiteElo "1763"]
[BlackElo "1608"]
[PlyCount "113"]
[EventDate "2010.04.11"]
[EventType "swiss"]
[EventRounds "9"]
[EventCountry "FRA"]
[SourceTitle "EXT 2012"]
[Source "ChessBase"]
[SourceDate "2011.11.24"]
[SourceVersion "1"]
[SourceVersionDate "2011.11.24"]
[SourceQuality "1"]

1. e4 d6 2. f4 c5 3. Nc3 g6 4. Nf3 Bg7 5. d3 Nc6 6. g3 Nf6 7. Bg2 0-0 8. 0-0 Bd7 9. a3 Qc8 10. Qe2 Bh3 11. Rb1 Bxg2 12. Qxg2 Nd4 13. Nh4 Qc6 14. g4 Qd7 15. f5 Rab8 16. Be3 Nc6 17. g5 Ne8 18. Nd5 Nc7 19. f6 Bh8 20. Nxc7 Qxc7 21. Qg3 Qd7 22. Ng2 Ne5 23. Bxc5 dxc5 24. Qxe5 exf6 25. gxf6 Qd4+ 26. Qxd4 cxd4 27. c3 Rfd8 28. cxd4 Rxd4 29. Rf3 Rbd8 30. Rc1 R4d6 31. e5 Rc6 32. Rd1 Rc5 33. Re3 Rdd5 34. d4 Rc2 35. Rb3 Rc7 36. Nf4 Rd8 37. d5 b6 38. d6 Rb7 39. Rc3 h5 40. h4 Rbd7 41. Kf2 Re8 42. Rd5 Kh7 43. Rc7 Red8 44. Nd3 Rxc7 45. dxc7 Rxd5 46. c8Q Rxd3 47. Qc7 Rd2+ 48. Ke3 Rxb2 49. Qxf7+ Kh6 50. Qf8+ Kh7 51. Qe7+ Kh6 52. f7 Bg7 53. f8Q Bxf8 54. Qxf8+ Kh7 55. Qf7+ Kh6 56. Qg8 g5 57. hxg5# 1-0